000 01093nam0a22002531 4500
001 v19\rc\2054108
005 20260406105938.0
035 _a(NLR Aleph) 005131893
090 _a4717182
_c4717182
100 _a20081111d1908 |||y0rusy50 ca
101 0 _arus
102 _aRU
105 _ay b |||||
200 1 _a[Каталог всех жанров артистов и артисток составленный И.П. Лупашко]
_f1-е Артист. агентство и контора Сев.-Зап. края И.П. Лупашко
210 _aВильна
_d[1908]
215 _a16 с.
540 1 _aКаталог всех жанров артистов и артисток составленный И.П. Лупашко
702 1 _aЛупашко
_bИ.П.
_4220
710 0 2 _aАртистическое агентство и контора Северо-западного края И. П. Лупашко
_c1; Вильна
_3RU\NLR\AUTH\884899
_9281412
801 0 _aRU
_bNLR
_gpsbo
801 1 _aRU
_bProSoft-M
_2rusmarc
852 _aNLR
_j34.85.6.751
942 _cBOOK
980 _aNB